000 00451nam a2200157Ia 4500
008 210210b2005 xxu||||| |||| 00| 0 eng d
020 _a81 7141 970 4
082 _a591.6 JABT
100 _aJABDE (Pradip V).
245 _aText book of applied zoology.
260 _aN D
_bDiscovery Publishing House
_c2005
300 _a494
650 _aVermiculture Apiculture Sericulture Lac Pests Pest Control
690 _aEconomic Zoology
906 _a060592
999 _c107606
_d107606